Ekológia (ČSFR) Časopis pre ekologické problémy biosféry

Enregistré dans:
Détails bibliographiques
Format: Publication en série
Langue:anglais
Publié: Bratislava Veda 1990
Sujets:
Tags: Ajouter un tag
Pas de tags, Soyez le premier à ajouter un tag!

MARC

LEADER 00000nas2a2200000 4500
001 s006776
005 20180117154738.5
041 0 |a eng 
044 |a SK 
245 1 0 |a Ekológia (ČSFR)  |b Časopis pre ekologické problémy biosféry 
264 1 |a Bratislava  |b Veda  |c 1990 
300 |a 1 
773 0 |w eu_un_cat*s120160 
610 2 0 |a ochrana prostredia životného